| 000 | 00411cam a22001217a 4500 | ||
|---|---|---|---|
| 008 | 180718b-- xxu||||| |||| 00| 0 eng d | ||
| 082 | _aXA94068x54 W892/G | ||
| 100 | _aIndia. Ministry of Labour and Employment. Labour Bureau | ||
| 245 | _aWorking clas family income and expenditure survey, general report | ||
| 260 |
_aChandigarh _bThe author _c-- |
||
| 500 | _aLibrary has 1999/2000 | ||
| 650 | _aHouseholds - India | ||
| 999 |
_c490518 _d490518 |
||